000
00303nam a2200109Ia 4500
008
200302s9999 xx 000 0 und d
100
_a
Faculty of Architecture
245
_a
the Architecture Year Book 2010-2011 Semester 2
260
_b
Cept University Press Ahmedabad
260
_c
2011
300
_a
171 P.,
999
_c
3218
_d
3218